Statistics for Suburbs of Hobart, Tasmania, Australia

Click here to take the quiz!

General Stats

  • This quiz has been taken 258 times
  • The average score is 29 of 67

Answer Stats

AreaAnswer% Correct
City of GlenorchyGlenorchy
86%
City of HobartNorth Hobart
82%
City of HobartHobart
81%
City of HobartSouth Hobart
79%
City of HobartSandy Bay
78%
Municipality of KingboroughKingston
77%
City of HobartWest Hobart
73%
City of GlenorchyMoonah
70%
Municipality of SorellSorell
67%
Municipality of BrightonBridgewater
65%
City of HobartNew Town
64%
Municipality of BrightonBrighton
63%
City of ClarenceBellerive
62%
City of ClarenceRosny
61%
City of GlenorchyClaremont
58%
Municipality of KingboroughBlackmans Bay
57%
City of ClarenceHowrah
56%
City of ClarenceLindisfarne
54%
Municipality of KingboroughTaroona
54%
Municipality of BrightonGagebrook
50%
City of HobartLenah Valley
50%
City of ClarenceRisdon
48%
City of ClarenceCambridge
47%
City of ClarenceRokeby
47%
City of HobartBattery Point
46%
City of ClarenceLauderdale
46%
City of HobartGlebe
45%
Municipality of SorellMidway Point
43%
City of ClarenceClarendon Vale
42%
City of HobartFern Tree
42%
City of ClarenceGeilstone Bay
42%
City of ClarenceMornington
42%
City of HobartMount Nelson
41%
City of HobartMount Stuart
40%
City of GlenorchyAustins Ferry
39%
City of HobartDynnyrne
39%
Municipality of BrightonOld Beach
39%
City of ClarenceRose Bay
39%
City of GlenorchyWest Moonah
39%
City of ClarenceWarrane
37%
City of GlenorchyBerriedale
36%
City of GlenorchyChigwell
36%
City of GlenorchyGranton
36%
City of GlenorchyLutana
36%
City of GlenorchyDerwent Park
35%
City of GlenorchyRosetta
35%
City of ClarenceTranmere
35%
Municipality of KingboroughKingston Beach
33%
City of GlenorchyMontrose
33%
City of ClarenceRisdon Vale
33%
City of ClarenceRosny Park
31%
City of ClarenceActon Park
29%
City of ClarenceOtago
29%
City of GlenorchyGoodwood
27%
City of HobartTolmans Hill
27%
Municipality of SorellDodges Ferry
26%
Municipality of KingboroughHowden
26%
City of ClarenceMount Rumney
23%
City of ClarenceMontagu Bay
22%
City of ClarenceOakdowns
21%
Municipality of KingboroughHuntingfield
20%
City of ClarenceRoches Beach
20%
Municipality of KingboroughBonnet Hill
19%
City of GlenorchyCollinsvale
19%
City of HobartRidgeway
14%
City of GlenorchyDowsing Point
12%
City of GlenorchyGlenlusk
12%

Score Distribution

Percentile by Number Answered

Percent of People with Each Score

Your Score History

You have not taken this quiz